[Event "blitzwomeanteam"]
[Site "?"]
[Date "2016.10.08"]
[Round "8.1"]
[White "Sukhareva, Evgeniya"]
[Black "Galliamova, Alisa"]
[Result "0-1"]
[LiveChessVersion "1.4.4"]
[BlackElo "2403"]
[WhiteElo "2258"]

1. d4 {[%clk 0:03:03]} d5 {[%clk 0:03:03]} 2. Nf3 {[%clk 0:03:04]} Nf6
{[%clk 0:03:04]} 3. c4 {[%clk 0:03:05]} dxc4 {[%clk 0:03:05]} 4. e3
{[%clk 0:03:05]} e6 {[%clk 0:03:04]} 5. Bxc4 {[%clk 0:03:06]} a6 {[%clk 0:03:05]}
6. a4 {[%clk 0:03:06]} c5 {[%clk 0:03:06]} 7. O-O {[%clk 0:03:07]} Nc6
{[%clk 0:03:03]} 8. Nc3 {[%clk 0:03:07]} cxd4 {[%clk 0:02:55]} 9. exd4
{[%clk 0:03:07]} Nb4 {[%clk 0:02:55]} 10. Qe2 {[%clk 0:03:04]} Be7
{[%clk 0:02:55]} 11. Rd1 {[%clk 0:03:02]} O-O {[%clk 0:02:54]} 12. Ne5
{[%clk 0:02:44]} b6 {[%clk 0:02:30]} 13. Bg5 {[%clk 0:02:20]} Nfd5
{[%clk 0:02:17]} 14. Bxe7 {[%clk 0:02:11]} Qxe7 {[%clk 0:02:14]} 15. Nxd5
{[%clk 0:01:24]} exd5 {[%clk 0:02:12]} 16. Bd3 {[%clk 0:01:19]} f6
{[%clk 0:01:41]} 17. Nf3 {[%clk 0:01:19]} Qxe2 {[%clk 0:01:38]} 18. Bxe2
{[%clk 0:01:20]} Bf5 {[%clk 0:01:37]} 19. Ne1 {[%clk 0:00:54]} Rfe8
{[%clk 0:01:26]} 20. Kf1 {[%clk 0:00:52]} Rac8 {[%clk 0:01:26]} 21. Rac1
{[%clk 0:00:50]} a5 {[%clk 0:01:19]} 22. Bb5 {[%clk 0:00:46]} Red8
{[%clk 0:01:16]} 23. Be2 {[%clk 0:00:34]} Kf7 {[%clk 0:01:11]} 24. h3
{[%clk 0:00:32]} Na2 {[%clk 0:01:06]} 25. Ra1 {[%clk 0:00:31]} Nb4
{[%clk 0:01:05]} 26. Rac1 {[%clk 0:00:32]} Bd7 {[%clk 0:01:04]} 27. b3
{[%clk 0:00:21]} Na2 {[%clk 0:01:00]} 28. Ra1 {[%clk 0:00:21]} Nc3
{[%clk 0:00:57]} 29. Rdc1 {[%clk 0:00:22]} Ne4 {[%clk 0:00:53]} 30. Ba6
{[%clk 0:00:22]} Rxc1 {[%clk 0:00:52]} 31. Rxc1 {[%clk 0:00:23]} Nd2+
{[%clk 0:00:53]} 32. Ke2 {[%clk 0:00:24]} Nxb3 {[%clk 0:00:54]} 33. Rc7
{[%clk 0:00:22]} Nxd4+ {[%clk 0:00:53]} 34. Kd2 {[%clk 0:00:20]} Kf8
{[%clk 0:00:44]} 35. Rb7 {[%clk 0:00:10]} Bxa4 {[%clk 0:00:37]} 36. Rxb6
{[%clk 0:00:11]} Nb3+ {[%clk 0:00:34]} 37. Kc3 {[%clk 0:00:08]} Nc5
{[%clk 0:00:34]} 38. Be2 {[%clk 0:00:07]} Ne4+ {[%clk 0:00:35]} 39. Kd4
{[%clk 0:00:07]} Nxf2 {[%clk 0:00:33]} 40. Nf3 {[%clk 0:00:06]} Ne4
{[%clk 0:00:31]} 41. Rb7 {[%clk 0:00:06]} Nd6 {[%clk 0:00:30]} 42. Ra7
{[%clk 0:00:07]} Nb5+ {[%clk 0:00:31]} 0-1

[Event "blitzwomeanteam"]
[Site "?"]
[Date "2016.10.08"]
[Round "8.2"]
[White "Ambartsumova, Karina"]
[Black "Drozdova, Dina"]
[Result "1-0"]
[LiveChessVersion "1.4.4"]
[BlackElo "2241"]
[WhiteElo "2293"]

1. e4 {[%clk 0:03:02]} d6 {[%clk 0:03:03]} 2. d4 {[%clk 0:03:03]} Nf6
{[%clk 0:03:05]} 3. Nc3 {[%clk 0:03:05]} e5 {[%clk 0:03:06]} 4. Nf3
{[%clk 0:03:03]} Nbd7 {[%clk 0:03:07]} 5. Bc4 {[%clk 0:03:04]} Be7
{[%clk 0:03:08]} 6. O-O {[%clk 0:03:05]} O-O {[%clk 0:03:09]} 7. Re1
{[%clk 0:03:06]} c6 {[%clk 0:03:10]} 8. a4 {[%clk 0:03:06]} a5 {[%clk 0:03:10]}
9. h3 exd4 {[%clk 0:03:10]} 10. Nxd4 {[%clk 0:03:02]} Nc5 {[%clk 0:03:09]} 11.
Ba2 {[%clk 0:02:54]} Be6 {[%clk 0:02:49]} 12. Bf4 {[%clk 0:02:44]} Bxa2
{[%clk 0:02:32]} 13. Rxa2 {[%clk 0:02:45]} Ne6 {[%clk 0:02:26]} 14. Bh2
{[%clk 0:02:43]} d5 {[%clk 0:01:46]} 15. e5 {[%clk 0:02:10]} Nd7 {[%clk 0:01:41]}
16. Nf5 {[%clk 0:02:08]} Bb4 {[%clk 0:01:28]} 17. Qg4 {[%clk 0:01:31]} Qg5
{[%clk 0:01:28]} 18. Qxg5 Nxg5 {[%clk 0:01:29]} 19. Rf1 {[%clk 0:01:02]} g6
{[%clk 0:01:19]} 20. Nd4 {[%clk 0:00:56]} Ne6 {[%clk 0:01:15]} 21. Nf3
{[%clk 0:00:53]} Bxc3 {[%clk 0:01:10]} 22. bxc3 {[%clk 0:00:54]} Ndc5
{[%clk 0:01:12]} 23. Rb1 {[%clk 0:00:53]} Rfb8 {[%clk 0:01:04]} 24. Nd4
{[%clk 0:00:55]} Ne4 {[%clk 0:01:04]} 25. Ne2 {[%clk 0:00:48]} Nd2
{[%clk 0:00:59]} 26. Rd1 {[%clk 0:00:45]} Nc4 {[%clk 0:01:00]} 27. g4
{[%clk 0:00:42]} Re8 {[%clk 0:00:53]} 28. Nd4 {[%clk 0:00:39]} Nc5
{[%clk 0:00:52]} 29. Re1 {[%clk 0:00:37]} Ne4 {[%clk 0:00:52]} 30. Raa1
{[%clk 0:00:31]} Nxc3 {[%clk 0:00:47]} 1-0

[Event "blitzwomeanteam"]
[Site "?"]
[Date "2016.10.08"]
[Round "8.3"]
[White "Nebolsina, Vera"]
[Black "Tomilova, Elena"]
[Result "1/2-1/2"]
[LiveChessVersion "1.4.4"]
[BlackElo "2223"]
[WhiteElo "2226"]

1. d4 {[%clk 0:03:03]} Nf6 {[%clk 0:03:02]} 2. Bg5 {[%clk 0:03:03]} d5
{[%clk 0:02:47]} 3. Bxf6 {[%clk 0:03:02]} exf6 {[%clk 0:02:46]} 4. e3
{[%clk 0:03:01]} c6 {[%clk 0:02:43]} 5. g3 {[%clk 0:02:58]} Bd6 {[%clk 0:02:44]}
6. Bg2 {[%clk 0:02:59]} O-O {[%clk 0:02:33]} 7. Nd2 {[%clk 0:02:56]} Re8
{[%clk 0:02:25]} 8. Ne2 {[%clk 0:02:55]} Bg4 {[%clk 0:02:16]} 9. h3
{[%clk 0:02:50]} Bxe2 {[%clk 0:02:09]} 10. Qxe2 {[%clk 0:02:50]} Nd7
{[%clk 0:02:09]} 11. O-O {[%clk 0:02:47]} f5 {[%clk 0:02:04]} 12. Qd3
{[%clk 0:02:38]} g6 {[%clk 0:02:04]} 13. c4 {[%clk 0:02:37]} dxc4
{[%clk 0:01:52]} 14. Nxc4 {[%clk 0:02:35]} Nf6 {[%clk 0:01:53]} 15. Nxd6
{[%clk 0:02:09]} Qxd6 {[%clk 0:01:54]} 16. Rfc1 {[%clk 0:01:59]} Rad8
{[%clk 0:01:53]} 17. Qc4 {[%clk 0:01:53]} Ne4 {[%clk 0:01:39]} 18. Bxe4
{[%clk 0:01:28]} Rxe4 {[%clk 0:01:28]} 19. Qc5 {[%clk 0:01:27]} Qd7
{[%clk 0:01:22]} 20. Kg2 {[%clk 0:01:18]} a6 {[%clk 0:01:22]} 21. b4
{[%clk 0:01:17]} h5 {[%clk 0:01:22]} 22. h4 {[%clk 0:01:03]} f4 {[%clk 0:01:22]}
23. exf4 {[%clk 0:00:56]} Rxd4 {[%clk 0:01:23]} 24. Re1 {[%clk 0:00:50]} Rd5
{[%clk 0:01:13]} 25. Qc3 {[%clk 0:00:46]} Rd2 {[%clk 0:01:09]} 26. Re3
{[%clk 0:00:37]} Qd5+ {[%clk 0:01:08]} 27. Kg1 {[%clk 0:00:36]} Qf5
{[%clk 0:00:59]} 28. Rae1 {[%clk 0:00:35]} Kh7 {[%clk 0:00:52]} 29. Re8
{[%clk 0:00:32]} R2d4 {[%clk 0:00:38]} 30. Rxd8 {[%clk 0:00:26]} Rxd8
{[%clk 0:00:39]} 31. a3 {[%clk 0:00:14]} Rd3 {[%clk 0:00:35]} 32. Qc1
{[%clk 0:00:13]} Qd5 {[%clk 0:00:34]} 33. Kh2 {[%clk 0:00:11]} Rd2
{[%clk 0:00:35]} 34. Kg1 {[%clk 0:00:11]} Qd4 {[%clk 0:00:36]} 35. Rf1
{[%clk 0:00:11]} Kg8 {[%clk 0:00:30]} 36. Qe1 {[%clk 0:00:11]} Kh7
{[%clk 0:00:29]} 37. Qe7 {[%clk 0:00:12]} Qd5 {[%clk 0:00:26]} 38. Qe8
{[%clk 0:00:11]} Rd3 {[%clk 0:00:24]} 39. a4 {[%clk 0:00:10]} Qd4
{[%clk 0:00:24]} 40. Qxf7+ {[%clk 0:00:09]} Kh6 {[%clk 0:00:25]} 41. Qf8+
{[%clk 0:00:10]} Kh7 {[%clk 0:00:27]} 42. Qf7+ {[%clk 0:00:10]} Kh6
{[%clk 0:00:28]} 43. Qf8+ {[%clk 0:00:11]} Kh7 {[%clk 0:00:29]} 44. Qf7+
{[%clk 0:00:08]} Kh6 {[%clk 0:00:30]} 45. Qf8+ {[%clk 0:00:08]} 1/2-1/2

[Event "blitzwomeanteam"]
[Site "?"]
[Date "2016.10.08"]
[Round "8.4"]
[White "Markelova, Lubov"]
[Black "Baraeva, Marina"]
[Result "0-1"]
[LiveChessVersion "1.4.4"]
[BlackElo "2170"]
[WhiteElo "2199"]

1. Nf3 {[%clk 0:03:04]} Nf6 {[%clk 0:03:03]} 2. c4 {[%clk 0:03:05]} c6
{[%clk 0:03:03]} 3. d4 {[%clk 0:03:04]} d5 {[%clk 0:03:04]} 4. Nc3
{[%clk 0:03:03]} dxc4 {[%clk 0:03:05]} 5. a4 {[%clk 0:03:04]} Bf5
{[%clk 0:03:06]} 6. e3 {[%clk 0:03:05]} e6 {[%clk 0:03:06]} 7. Bxc4
{[%clk 0:03:11]} Bb4 {[%clk 0:03:07]} 8. O-O {[%clk 0:03:05]} O-O
{[%clk 0:03:08]} 9. Qe2 {[%clk 0:03:06]} Bg6 {[%clk 0:03:09]} 10. Ne5
{[%clk 0:03:07]} Nbd7 {[%clk 0:03:09]} 11. Nxg6 {[%clk 0:03:08]} hxg6
{[%clk 0:03:10]} 12. Rd1 {[%clk 0:03:08]} Qe7 {[%clk 0:03:08]} 13. e4
{[%clk 0:02:59]} e5 {[%clk 0:03:05]} 14. d5 {[%clk 0:02:54]} Rfd8
{[%clk 0:02:42]} 15. Bg5 {[%clk 0:02:49]} a5 {[%clk 0:02:40]} 16. Rac1
{[%clk 0:02:34]} Rac8 {[%clk 0:02:25]} 17. dxc6 {[%clk 0:02:23]} bxc6
{[%clk 0:02:22]} 18. Rd3 {[%clk 0:01:42]} Nc5 {[%clk 0:02:08]} 19. Rxd8+
{[%clk 0:01:40]} Rxd8 {[%clk 0:02:09]} 20. Bxf6 {[%clk 0:01:33]} gxf6
{[%clk 0:02:01]} 21. h4 {[%clk 0:01:24]} Ne6 {[%clk 0:01:46]} 22. Bxe6
{[%clk 0:01:18]} Qxe6 {[%clk 0:01:45]} 23. Rd1 {[%clk 0:01:07]} Rd4
{[%clk 0:01:21]} 24. Qc2 {[%clk 0:00:37]} Qd6 {[%clk 0:00:39]} 25. Rf1
{[%clk 0:00:20]} Rd2 {[%clk 0:00:31]} 26. Qb3 {[%clk 0:00:21]} Bc5
{[%clk 0:00:28]} 27. Nb1 {[%clk 0:00:09]} Re2 {[%clk 0:00:23]} 28. Nc3
{[%clk 0:00:05]} Rd2 {[%clk 0:00:23]} 29. Nb1 {[%clk 0:00:06]} Rd3
{[%clk 0:00:23]} 30. Nc3 {[%clk 0:00:06]} Kg7 {[%clk 0:00:20]} 31. h5
{[%clk 0:00:06]} gxh5 {[%clk 0:00:17]} 32. Qc4 {[%clk 0:00:04]} Qd4
{[%clk 0:00:13]} 33. Qxd4 {[%clk 0:00:03]} Bxd4 {[%clk 0:00:13]} 34. Rc1
{[%clk 0:00:03]} Rd2 {[%clk 0:00:11]} 35. Nd1 {[%clk 0:00:04]} Bxb2
{[%clk 0:00:09]} 36. Nxb2 {[%clk 0:00:05]} Rxb2 {[%clk 0:00:10]} 37. Rxc6
{[%clk 0:00:06]} Rb4 {[%clk 0:00:11]} 38. f3 {[%clk 0:00:06]} Rxa4
{[%clk 0:00:12]} 39. Ra6 {[%clk 0:00:07]} Kg6 {[%clk 0:00:13]} 40. Kh2
{[%clk 0:00:08]} Kg5 {[%clk 0:00:14]} 41. Ra7 {[%clk 0:00:09]} Kg6
{[%clk 0:00:11]} 42. Ra6 {[%clk 0:00:10]} Ra2 {[%clk 0:00:09]} 43. Ra8
{[%clk 0:00:10]} f5 {[%clk 0:00:08]} 44. Ra6+ {[%clk 0:00:09]} Kg5
{[%clk 0:00:10]} 45. exf5 {[%clk 0:00:06]} Kxf5 {[%clk 0:00:11]} 46. Ra7
{[%clk 0:00:06]} f6 {[%clk 0:00:12]} 47. Rh7 {[%clk 0:00:06]} Kg5
{[%clk 0:00:13]} 48. Rg7+ {[%clk 0:00:06]} Kf5 {[%clk 0:00:14]} 49. Rh7
{[%clk 0:00:07]} Kg6 {[%clk 0:00:15]} 50. Ra7 {[%clk 0:00:06]} Ra3
{[%clk 0:00:15]} 51. Ra8 {[%clk 0:00:05]} Ra4 {[%clk 0:00:10]} 52. Rg8+
{[%clk 0:00:05]} Kf5 {[%clk 0:00:11]} 53. Rh8 {[%clk 0:00:05]} h4
{[%clk 0:00:12]} 54. Ra8 {[%clk 0:00:04]} Kg5 {[%clk 0:00:10]} 55. Rg8+
{[%clk 0:00:04]} Kf5 {[%clk 0:00:11]} 56. Ra8 {[%clk 0:00:05]} Kg6
{[%clk 0:00:06]} 57. Rg8+ {[%clk 0:00:06]} Kf7 {[%clk 0:00:07]} 58. Ra8
{[%clk 0:00:07]} f5 {[%clk 0:00:05]} 59. Ra6 {[%clk 0:00:07]} e4 {[%clk 0:00:04]}
60. fxe4 {[%clk 0:00:07]} fxe4 {[%clk 0:00:05]} 61. Kg1 {[%clk 0:00:08]} Ra2
{[%clk 0:00:05]} 62. Ra7+ {[%clk 0:00:05]} Kf6 {[%clk 0:00:06]} 63. Rh7
{[%clk 0:00:05]} Kg5 {[%clk 0:00:05]} 64. Re7 {[%clk 0:00:06]} Kf4
{[%clk 0:00:06]} 65. Rh7 {[%clk 0:00:06]} Ke3 {[%clk 0:00:07]} 66. Rxh4
{[%clk 0:00:06]} Ra1+ {[%clk 0:00:08]} 67. Kh2 {[%clk 0:00:07]} Kd3
{[%clk 0:00:09]} 68. Rh8 {[%clk 0:00:07]} e3 {[%clk 0:00:10]} 69. Rd8+
{[%clk 0:00:08]} Ke2 {[%clk 0:00:11]} 70. Kg3 {[%clk 0:00:07]} Ra4
{[%clk 0:00:09]} 71. Rb8 {[%clk 0:00:06]} Rb4 {[%clk 0:00:08]} 72. Ra8
{[%clk 0:00:06]} Rb5 {[%clk 0:00:10]} 73. Rc8 {[%clk 0:00:06]} Rg5+
{[%clk 0:00:10]} 74. Kh2 {[%clk 0:00:06]} Rd5 {[%clk 0:00:11]} 75. Kg3
{[%clk 0:00:07]} Kd2 {[%clk 0:00:12]} 76. Re8 {[%clk 0:00:04]} e2
{[%clk 0:00:12]} 77. Kf2 {[%clk 0:00:04]} Rf5+ {[%clk 0:00:14]} 78. Kg3
{[%clk 0:00:04]} e1=Q+ {[%clk 0:00:14]} 0-1

[Event "blitzwomeanteam"]
[Site "?"]
[Date "2016.10.08"]
[Round "8.5"]
[White "Bodnaruk, Anastasia"]
[Black "Pogonina, Natalija"]
[Result "1-0"]
[LiveChessVersion "1.4.4"]
[BlackElo "2402"]
[WhiteElo "2386"]

1. e4 {[%clk 0:03:03]} e5 {[%clk 0:03:03]} 2. Nf3 {[%clk 0:03:04]} Nc6
{[%clk 0:03:03]} 3. Bb5 {[%clk 0:03:06]} a6 {[%clk 0:03:03]} 4. Ba4
{[%clk 0:03:07]} Nf6 {[%clk 0:03:04]} 5. O-O {[%clk 0:03:07]} b5 {[%clk 0:03:04]}
6. Bb3 {[%clk 0:03:09]} Bb7 {[%clk 0:03:05]} 7. Re1 {[%clk 0:03:08]} Bc5
{[%clk 0:03:05]} 8. c3 {[%clk 0:03:08]} O-O {[%clk 0:03:05]} 9. d4
{[%clk 0:03:09]} Bb6 {[%clk 0:03:03]} 10. Be3 {[%clk 0:03:01]} exd4
{[%clk 0:02:32]} 11. cxd4 {[%clk 0:02:37]} d6 {[%clk 0:02:25]} 12. h3
{[%clk 0:02:37]} Na5 {[%clk 0:02:20]} 13. Bg5 {[%clk 0:02:17]} Nxb3
{[%clk 0:02:16]} 14. axb3 {[%clk 0:02:00]} h6 {[%clk 0:02:12]} 15. Bh4
{[%clk 0:02:01]} Re8 {[%clk 0:02:04]} 16. Nc3 {[%clk 0:01:49]} b4
{[%clk 0:01:54]} 17. Na4 Rxe4 {[%clk 0:01:42]} 18. Rxe4 {[%clk 0:01:01]} Bxe4
{[%clk 0:01:42]} 19. Nxb6 {[%clk 0:01:01]} cxb6 {[%clk 0:01:41]} 20. Nd2
{[%clk 0:01:02]} Bd5 {[%clk 0:01:36]} 21. Nc4 {[%clk 0:01:01]} g5
{[%clk 0:01:29]} 22. Bg3 {[%clk 0:01:00]} Ne4 {[%clk 0:01:27]} 23. Ne3
{[%clk 0:00:56]} Bb7 {[%clk 0:01:15]} 24. d5 {[%clk 0:00:52]} Nxg3
{[%clk 0:01:08]} 25. fxg3 {[%clk 0:00:53]} Qf6 {[%clk 0:00:59]} 26. Ng4
{[%clk 0:00:40]} Qg7 {[%clk 0:00:41]} 27. Qf3 {[%clk 0:00:37]} Rf8
{[%clk 0:00:29]} 28. Nf6+ {[%clk 0:00:37]} Kh8 {[%clk 0:00:30]} 29. Re1
{[%clk 0:00:33]} Qg6 {[%clk 0:00:24]} 30. Re7 {[%clk 0:00:24]} Bc8
{[%clk 0:00:23]} 31. g4 {[%clk 0:00:24]} Kg7 {[%clk 0:00:18]} 32. Nh5+
{[%clk 0:00:22]} Kh8 {[%clk 0:00:17]} 33. Rc7 {[%clk 0:00:18]} a5
{[%clk 0:00:13]} 34. Qe3 {[%clk 0:00:16]} Kg8 {[%clk 0:00:11]} 35. Qe7
{[%clk 0:00:14]} Ba6 {[%clk 0:00:08]} 36. Nf6+ {[%clk 0:00:11]} Kg7
{[%clk 0:00:09]} 37. Nh5+ {[%clk 0:00:12]} Kg8 {[%clk 0:00:10]} 38. Qe3
{[%clk 0:00:09]} Bd3 {[%clk 0:00:10]} 39. Qd4 {[%clk 0:00:10]} Bb1
{[%clk 0:00:09]} 40. Nf6+ {[%clk 0:00:10]} Kg7 {[%clk 0:00:08]} 41. Nh5+
{[%clk 0:00:09]} Kh7 {[%clk 0:00:08]} 42. Rd7 {[%clk 0:00:09]} Kg8
{[%clk 0:00:05]} 43. Nf6+ {[%clk 0:00:09]} Kg7 {[%clk 0:00:06]} 44. Rxd6
{[%clk 0:00:11]} Rc8 {[%clk 0:00:04]} 45. Nh5+ {[%clk 0:00:11]} Kg8
{[%clk 0:00:05]} 46. Rxg6+ {[%clk 0:00:11]} 1-0

[Event "blitzwomeanteam"]
[Site "?"]
[Date "2016.10.08"]
[Round "8.6"]
[White "Mkrtchian, Lilit"]
[Black "Ovod, Evgenija"]
[Result "1/2-1/2"]
[LiveChessVersion "1.4.4"]
[BlackElo "2195"]
[WhiteElo "2374"]

1. Nf3 {[%clk 0:03:03]} f5 {[%clk 0:03:03]} 2. g3 {[%clk 0:03:03]} Nf6
{[%clk 0:03:04]} 3. Bg2 {[%clk 0:03:03]} g6 {[%clk 0:03:05]} 4. b3
{[%clk 0:03:00]} Bg7 {[%clk 0:03:06]} 5. Bb2 {[%clk 0:03:02]} d6 {[%clk 0:03:04]}
6. c4 {[%clk 0:03:01]} e5 {[%clk 0:03:04]} 7. d3 {[%clk 0:03:02]} c6
{[%clk 0:03:03]} 8. Nc3 {[%clk 0:02:53]} O-O {[%clk 0:02:55]} 9. O-O
{[%clk 0:02:54]} Qe7 {[%clk 0:02:47]} 10. e3 {[%clk 0:02:51]} a5 {[%clk 0:02:37]}
11. a3 {[%clk 0:02:46]} Nbd7 {[%clk 0:02:19]} 12. Nd2 {[%clk 0:02:46]} f4
{[%clk 0:02:00]} 13. Nce4 {[%clk 0:02:28]} Nxe4 {[%clk 0:01:48]} 14. Nxe4
{[%clk 0:02:29]} Nf6 {[%clk 0:01:47]} 15. exf4 {[%clk 0:02:24]} exf4
{[%clk 0:01:47]} 16. Re1 {[%clk 0:02:19]} Nxe4 {[%clk 0:01:43]} 17. Rxe4
{[%clk 0:02:19]} Qc7 {[%clk 0:01:31]} 18. Bxg7 {[%clk 0:02:16]} Qxg7
{[%clk 0:01:30]} 19. Rxf4 {[%clk 0:01:58]} Rxf4 {[%clk 0:01:30]} 20. gxf4
{[%clk 0:02:00]} Bf5 {[%clk 0:01:26]} 21. d4 {[%clk 0:01:59]} Rf8
{[%clk 0:01:22]} 22. Qd2 {[%clk 0:02:01]} Qf6 {[%clk 0:01:17]} 23. Re1
{[%clk 0:02:00]} Bg4 {[%clk 0:01:04]} 24. Re4 {[%clk 0:01:38]} Bf5
{[%clk 0:01:04]} 25. Re1 {[%clk 0:01:39]} Bg4 {[%clk 0:01:05]} 26. Re4
{[%clk 0:01:41]} Bf5 {[%clk 0:01:07]} 27. Re1 {[%clk 0:01:37]} Bg4
{[%clk 0:01:08]} 28. Re4 {[%clk 0:01:35]} 1/2-1/2

[Event "blitzwomeanteam"]
[Site "?"]
[Date "2016.10.08"]
[Round "8.7"]
[White "Nechaeva, Marina"]
[Black "Travkina, Anastasia"]
[Result "0-1"]
[LiveChessVersion "1.4.4"]
[BlackElo "2168"]
[WhiteElo "2351"]

1. e4 {[%clk 0:03:03]} c6 {[%clk 0:03:04]} 2. d4 {[%clk 0:03:04]} d5
{[%clk 0:03:05]} 3. Nc3 {[%clk 0:03:06]} dxe4 {[%clk 0:03:06]} 4. Nxe4
{[%clk 0:03:07]} Bf5 {[%clk 0:03:07]} 5. Ng3 {[%clk 0:03:08]} Bg6
{[%clk 0:03:09]} 6. N1e2 {[%clk 0:03:09]} Nd7 {[%clk 0:03:08]} 7. h4
{[%clk 0:03:10]} h6 {[%clk 0:03:08]} 8. Nf4 {[%clk 0:03:11]} Bh7 {[%clk 0:03:10]}
9. Bc4 {[%clk 0:03:12]} e6 {[%clk 0:03:09]} 10. Ngh5 {[%clk 0:03:10]} Ngf6
{[%clk 0:03:08]} 11. c3 {[%clk 0:02:57]} Nxh5 {[%clk 0:03:08]} 12. Nxh5
{[%clk 0:02:48]} Rg8 {[%clk 0:03:03]} 13. b4 {[%clk 0:02:14]} Qc7
{[%clk 0:02:56]} 14. a4 {[%clk 0:02:09]} Bd6 {[%clk 0:02:52]} 15. Qf3
{[%clk 0:01:54]} Nb6 {[%clk 0:02:45]} 16. Bb3 {[%clk 0:01:41]} Nd5
{[%clk 0:02:29]} 17. Bd2 {[%clk 0:01:15]} Bg6 {[%clk 0:01:47]} 18. Ng3
{[%clk 0:01:13]} Bf4 {[%clk 0:01:42]} 19. Bxf4 {[%clk 0:00:50]} Nxf4
{[%clk 0:01:43]} 20. O-O {[%clk 0:00:44]} Bh7 {[%clk 0:01:33]} 21. Rfe1
{[%clk 0:00:43]} g5 {[%clk 0:01:27]} 22. h5 {[%clk 0:00:44]} Kf8 {[%clk 0:01:17]}
23. Ne4 {[%clk 0:00:40]} Bxe4 {[%clk 0:01:12]} 24. Qxe4 {[%clk 0:00:40]} Nxh5
{[%clk 0:00:45]} 25. c4 {[%clk 0:00:24]} Nf6 {[%clk 0:00:40]} 26. Qf3
{[%clk 0:00:21]} Qf4 {[%clk 0:00:33]} 27. Qc3 {[%clk 0:00:14]} Rd8
{[%clk 0:00:32]} 28. Rad1 {[%clk 0:00:15]} g4 {[%clk 0:00:15]} 29. Re3
{[%clk 0:00:16]} h5 {[%clk 0:00:12]} 30. Rdd3 {[%clk 0:00:09]} Rg5
{[%clk 0:00:10]} 31. b5 {[%clk 0:00:08]} Rf5 {[%clk 0:00:10]} 32. Qb4+
{[%clk 0:00:08]} Kg7 {[%clk 0:00:10]} 33. Qd2 {[%clk 0:00:08]} Ne4
{[%clk 0:00:11]} 34. Qb2 {[%clk 0:00:07]} Qxf2+ {[%clk 0:00:10]} 35. Qxf2
{[%clk 0:00:07]} Nxf2 {[%clk 0:00:11]} 36. Rd2 {[%clk 0:00:06]} g3
{[%clk 0:00:11]} 37. Rxg3+ {[%clk 0:00:06]} Ng4 {[%clk 0:00:12]} 38. Bd1
{[%clk 0:00:06]} Rf4 {[%clk 0:00:13]} 39. d5 {[%clk 0:00:06]} Rxc4
{[%clk 0:00:13]} 40. bxc6 {[%clk 0:00:05]} bxc6 {[%clk 0:00:14]} 41. d6
{[%clk 0:00:06]} Kf8 {[%clk 0:00:13]} 42. Bxg4 {[%clk 0:00:05]} hxg4
{[%clk 0:00:12]} 43. a5 {[%clk 0:00:06]} Ke8 {[%clk 0:00:13]} 44. a6
{[%clk 0:00:05]} Rb8 {[%clk 0:00:12]} 45. d7+ {[%clk 0:00:05]} Ke7
{[%clk 0:00:13]} 46. Rgd3 {[%clk 0:00:06]} Rd8 {[%clk 0:00:14]} 47. Rb3
{[%clk 0:00:08]} Ra4 {[%clk 0:00:15]} 48. Rb7 {[%clk 0:00:06]} Rxa6
{[%clk 0:00:16]} 49. Rd4 {[%clk 0:00:07]} Ra5 {[%clk 0:00:17]} 50. Rxg4
{[%clk 0:00:08]} Rxd7 {[%clk 0:00:18]} 51. Rb8 {[%clk 0:00:08]} Rad5
{[%clk 0:00:18]} 52. Rc4 {[%clk 0:00:09]} c5 {[%clk 0:00:18]} 53. Rc8
{[%clk 0:00:10]} a5 {[%clk 0:00:19]} 54. R8xc5 {[%clk 0:00:11]} Rxc5
{[%clk 0:00:20]} 55. Rxc5 {[%clk 0:00:12]} Ra7 {[%clk 0:00:22]} 56. Rc3
{[%clk 0:00:13]} a4 {[%clk 0:00:23]} 57. Ra3 {[%clk 0:00:15]} Kd6
{[%clk 0:00:24]} 58. Kf2 {[%clk 0:00:16]} Kc5 {[%clk 0:00:26]} 59. Ke3
{[%clk 0:00:17]} Kb4 {[%clk 0:00:28]} 60. Ra1 {[%clk 0:00:16]} a3
{[%clk 0:00:28]} 61. Kd3 {[%clk 0:00:15]} a2 {[%clk 0:00:29]} 62. Kc2
{[%clk 0:00:16]} Kc5 {[%clk 0:00:30]} 63. Kb2 {[%clk 0:00:17]} Kb4
{[%clk 0:00:27]} 64. Kc2 {[%clk 0:00:17]} Kc4 {[%clk 0:00:28]} 65. Kb2
{[%clk 0:00:17]} Kd5 {[%clk 0:00:27]} 66. Rd1+ {[%clk 0:00:17]} Ke4
{[%clk 0:00:28]} 67. Ka1 {[%clk 0:00:16]} Ra6 {[%clk 0:00:28]} 68. Rf1 f5
{[%clk 0:00:29]} 69. Rf3 {[%clk 0:00:10]} Rd6 {[%clk 0:00:25]} 70. Kxa2 Rd2+
{[%clk 0:00:26]} 0-1

[Event "blitzwomeanteam"]
[Site "?"]
[Date "2016.10.08"]
[Round "8.8"]
[White "Maltsevskaya, Aleksandra"]
[Black "Kovanova, Baira"]
[Result "0-1"]
[LiveChessVersion "1.4.4"]
[BlackElo "2282"]
[WhiteElo "2046"]

1. Nf3 {[%clk 0:03:03]} g6 {[%clk 0:03:02]} 2. c4 {[%clk 0:03:04]} Bg7
{[%clk 0:03:03]} 3. d4 {[%clk 0:03:05]} Nf6 {[%clk 0:03:03]} 4. Nc3
{[%clk 0:03:05]} d6 {[%clk 0:03:04]} 5. Bg5 {[%clk 0:03:02]} O-O {[%clk 0:02:46]}
6. e3 {[%clk 0:03:03]} c6 {[%clk 0:02:27]} 7. Be2 {[%clk 0:03:01]} a6
{[%clk 0:02:29]} 8. a4 {[%clk 0:02:47]} a5 {[%clk 0:02:28]} 9. h3
{[%clk 0:02:44]} Na6 {[%clk 0:02:28]} 10. O-O {[%clk 0:02:38]} h6
{[%clk 0:02:26]} 11. Bf4 {[%clk 0:02:38]} Nb4 {[%clk 0:02:26]} 12. Rc1
{[%clk 0:02:15]} Bf5 {[%clk 0:02:06]} 13. Bh2 {[%clk 0:02:05]} Qb6
{[%clk 0:01:49]} 14. Qb3 {[%clk 0:02:04]} Qa7 {[%clk 0:01:19]} 15. Rfd1
{[%clk 0:02:02]} g5 {[%clk 0:01:14]} 16. d5 {[%clk 0:01:42]} cxd5
{[%clk 0:01:08]} 17. cxd5 {[%clk 0:01:42]} Ne4 {[%clk 0:00:42]} 18. Nd4
{[%clk 0:01:18]} Nc5 {[%clk 0:00:32]} 19. Qc4 {[%clk 0:00:58]} Bg6
{[%clk 0:00:27]} 20. Ndb5 {[%clk 0:00:50]} Qb6 {[%clk 0:00:29]} 21. Nd4
{[%clk 0:00:22]} Rac8 {[%clk 0:00:29]} 22. Qb5 {[%clk 0:00:19]} Qa7
{[%clk 0:00:19]} 23. Bf1 {[%clk 0:00:16]} Bxd4 {[%clk 0:00:17]} 24. exd4
{[%clk 0:00:09]} Nb3 {[%clk 0:00:18]} 25. Qe2 {[%clk 0:00:04]} Nxc1
{[%clk 0:00:16]} 26. Rxc1 {[%clk 0:00:05]} Rfe8 {[%clk 0:00:08]} 27. Rd1 0-1

[Event "blitzwomeanteam"]
[Site "?"]
[Date "2016.10.08"]
[Round "8.9"]
[White "Ruchieva, Natalia"]
[Black "Kovalevskaya, Ekaterina"]
[Result "0-1"]
[LiveChessVersion "1.4.4"]
[BlackElo "2282"]
[WhiteElo "2194"]

1. e4 {[%clk 0:03:02]} c5 {[%clk 0:03:03]} 2. c3 {[%clk 0:03:03]} d5
{[%clk 0:03:04]} 3. exd5 {[%clk 0:03:03]} Qxd5 {[%clk 0:03:04]} 4. d4
{[%clk 0:03:04]} Nc6 {[%clk 0:02:58]} 5. Nf3 {[%clk 0:03:03]} cxd4
{[%clk 0:02:58]} 6. cxd4 {[%clk 0:03:02]} e6 {[%clk 0:02:59]} 7. Nc3
{[%clk 0:02:58]} Qd8 {[%clk 0:03:00]} 8. Bd3 {[%clk 0:02:37]} Nf6
{[%clk 0:03:00]} 9. O-O {[%clk 0:02:36]} Be7 {[%clk 0:03:01]} 10. h3
{[%clk 0:02:14]} O-O {[%clk 0:03:01]} 11. a3 {[%clk 0:02:05]} b6 {[%clk 0:03:01]}
12. Be3 {[%clk 0:01:44]} Bb7 {[%clk 0:03:01]} 13. Rc1 {[%clk 0:01:43]} Rc8
{[%clk 0:03:01]} 14. Bb1 {[%clk 0:01:41]} Na5 {[%clk 0:02:41]} 15. Bg5
{[%clk 0:01:15]} Nc4 {[%clk 0:02:19]} 16. Qc2 {[%clk 0:01:00]} g6
{[%clk 0:02:15]} 17. Bh6 {[%clk 0:00:54]} Re8 {[%clk 0:02:10]} 18. Rcd1
{[%clk 0:00:42]} Bxf3 {[%clk 0:01:23]} 19. gxf3 {[%clk 0:00:43]} Nd5
{[%clk 0:01:22]} 20. Ba2 {[%clk 0:00:28]} Bg5 {[%clk 0:01:05]} 21. Bxg5
{[%clk 0:00:18]} Qxg5+ {[%clk 0:01:05]} 22. Kh1 {[%clk 0:00:19]} Qh5
{[%clk 0:01:02]} 23. Kh2 {[%clk 0:00:17]} Nf4 {[%clk 0:00:53]} 24. Kg3
{[%clk 0:00:11]} Qg5+ {[%clk 0:00:53]} 0-1